Every TNA Bound for Glory Title Winner - Statistics

General Stats
  • This quiz has been taken 75 times
    16 since last reset
  • The average score is 44 of 57
Answer Stats
Year Title Won Wrestler % Correct
2007 TNA World Tag Team AJ Styles
100%
2013 TNA World Heavyweight AJ Styles
100%
2021 Impact Knockouts Mickie James
100%
2025 TNA World Mike Santana
100%
2006 NWA World Heavyweight Sting
100%
2007 TNA World Heavyweight Sting
100%
2008 TNA World Heavyweight Sting
100%
2006 TNA X-Division Chris Sabin
93%
2013 TNA X-Division Chris Sabin
93%
2007 TNA Knockouts Gail Kim
93%
2013 TNA Knockouts Gail Kim
93%
2016 TNA Knockouts Gail Kim,
93%
2017 Impact Knockouts Gail Kim
93%
2010 TNA World Heavyweight Jeff Hardy
93%
2012 TNA World Heavyweight Jeff Hardy
93%
2016 TNA World Tag Team Jeff Hardy
93%
2024 TNA World Tag Team Jeff Hardy
93%
2018 Impact World Johnny Impact
93%
2015 TNA World Heavyweight Matt Hardy
93%
2016 TNA World Tag Team Matt Hardy
93%
2024 TNA World Tag Team Matt Hardy
93%
2021 Impact World Moose
93%
2009 IWGP Tag Team Brother Ray
87%
2022 Impact X-Division Frankie Kazarian
87%
2025 TNA International Frankie Kazarian
87%
2021 Impact Digital Media Jordynne Grace
87%
2020 Impact World Tag Team Josh Alexander
87%
2021 Impact World Josh Alexander
87%
2009 IWGP Tag Team Brother Devon
80%
2009 TNA Legends Eric Young
80%
2005 NWA World Heavyweight Rhino
80%
2020 Impact World Rich Swann
80%
2011 TNA Knockouts Velvet Sky
80%
2009 TNA World Tag Team Doug Williams
73%
2020 Impact World Tag Team Ethan Page
73%
2012 TNA X-Division Rob Van Dam
73%
2009 TNA World Tag Team Brutus Magnus
67%
2021 Impact Knockouts Tag Team Jessica McKay
67%
2007 TNA World Tag Team Tomko
67%
2019 Impact X-Division Ace Austin
60%
2023 Impact World Tag Team Ace Austin
60%
2021 Impact Knockouts Tag Team Cassie Lee
60%
2023 Impact World Tag Team Chris Bey
60%
2006 NWA World Tag Team Hernandez
60%
2006 NWA World Tag Team Homicide
60%
2013 TNA World Tag Team Jessie Godderz
60%
2013 TNA World Tag Team Robbie E
60%
2010 TNA Knockouts Tara
60%
2012 TNA Knockouts Tara
60%
2024 TNA Knockouts Masha Slamovich
53%
2022 Impact Knockouts Tag Team Taya Valkyrie
53%
2021 Impact X-Division Trey Miguel
53%
2012 TNA World Tag Team Chavo Guerrero
47%
2016 Impact Grand Aron Rex
40%
2012 TNA World Tag Team Hernandez
40%
2022 Impact Knockouts Tag Team Jessicka
40%
2020 Impact Knockouts Su Yung
40%
No matching quizzes found
Score Distribution
Percent of People with Each Score
Percentile by Number Answered
Your Score History
You have not taken this quiz since the last reset